Pokémon - Les attaques de Fouinar - Statistiques

Statistiques générales
  • Ce quiz a été pris 19 fois
    12 depuis la dernière actualisation
  • Le résultat moyen est 9 sur 15
Statistiques - réponses
Niveaux Types Noms des attaques % Correct
Niveau 50 Normal Damoclès
100%
Départ Normal Vive-Attaque
100%
Niveau 13 Normal Combo-Griffe
83%
Départ Normal Griffe
83%
Évolution Psy Hâte
83%
Niveau 36 Ténèbres Coup Bas
67%
Niveau 42 Psy Amnésie
50%
Départ Normal Boul'Armure
50%
Départ Poison Enroulement
50%
Niveau 21 Normal Par Ici
50%
Niveau 32 Psy Repos
50%
Niveau 17 Normal Coup d'Main
33%
Niveau 56 Normal Mégaphone
33%
Niveau 46 Normal Relais
33%
Niveau 28 Normal Souplesse
17%
Aucun quiz correspondant
Distribution des résultats
% des personnes avec chaque résultat
Percentile par nombre de réponses
Votre historique - résultats
Vous n’avez pas pris ce quiz depuis la dernière actualisation